书目信息 |
| 题名: |
光电管与光电倍增管
|
|
| 作者: | 史玖德 编著 | |
| 分册: | ||
| 出版信息: | 北京 国防工业出版社 1981 |
|
| 页数: | 263页 | |
| 开本: | 19cm | |
| 丛书名: | ||
| 单 册: | ||
| 中图分类: | TN15 | |
| 科图分类: | ||
| 主题词: | 光电器件 , 光电管 | |
| 电子资源: | ||
| ISBN: | ||
| 000 | 00587nam0 2200217 45 | |
| 001 | 0405200823 | |
| 005 | 20040520085203.3 | |
| 010 | @dCNY0.89 | |
| 091 | @a15034.2269 | |
| 100 | @a20040520d1981 km y0chiy0120 ea | |
| 101 | 0 | @achi |
| 105 | @a z 000yy | |
| 200 | 1 | @a光电管与光电倍增管@AGuang Dian Guan Yu Guang Dian Bei Zeng Guan@f史玖德编著@FShi Jiu De Bian Zhu |
| 210 | @a北京@c国防工业出版社@d1981 | |
| 215 | @a263页@d19cm | |
| 606 | 0 | @a光电器件 |
| 606 | 0 | @a光电管 |
| 690 | @aTN15@v3 | |
| 701 | 0 | @a史玖德@4编著 |
| 801 | @aCN@bTSTCL@c20040520 | |
| 905 | @f1@b63886@dTN15@e3 | |
| 光电管与光电倍增管/史玖德编著.-北京:国防工业出版社,1981 |
| 263页;19cm |
| ISBN :CNY0.89 |
| ● |
| 相关链接 |
|
|
|
|
正题名:光电管与光电倍增管
索取号:TN15/3
 
预约/预借
| 序号 | 登录号 | 条形码 | 馆藏地/架位号 | 状态 | 备注 |
| 1 | 0063886 | 001350601 | 第三借阅区/ [索取号:TN15/3] | 在馆 | |
| 2 | 0063887 | 001350567 | 第二样本阅览室/ [索取号:TN15/3] | 在馆 |